| 000 | 00608nam a2200241Ia 4500 | ||
|---|---|---|---|
| 008 | 160803s9999 xx 000 0 und d | ||
| 020 | _a978-014240286 | ||
| 100 | _aRitter, John H. | ||
| 245 | 4 | _aThe boy who saved baseball / | |
| 245 | _cJohn H. Ritter. | ||
| 260 | _aNew York : | ||
| 260 | _bScholastic Inc. | ||
| 260 | _c2004 | ||
| 300 | _a216 pages : | ||
| 300 | _bmap ; | ||
| 300 | _c20 cm. | ||
| 500 | _aOriginally published: New York : Philomel Books, c2003. | ||
| 650 | _aBaseball -- | ||
| 650 | _aCalifornia -- | ||
| 650 | _xFiction. | ||
| 650 | _xFiction. | ||
| 700 | _a660 | ||
| 999 |
_c298462 _d298462 |
||